[Geografický informačný systém ako zdroj strategickej inovácie podniku z hľadiska posilnenia jeho konkurencieschopnosti]

Recenzia príspevkov, kde autori z rôznych aspektov analyzujú a hodnotia javy ovplyvňujúce spádové oblasti maloobchodných jednotiek. Priestorové správanie spotrebiteľa umožňuje pochopiť obchodnú atraktívnosť maloobchodných jednotiek a programovať ich budúce implementácie.

Gespeichert in:
Bibliographische Detailangaben
1. Verfasser: Belkovicsová, Daša, 1982-
Format: Buchkapitel
Sprache:Slowakisch
Schlagworte:
Tags: Tag hinzufügen
Keine Tags, Fügen Sie das erste Tag hinzu!

MARC

LEADER 00000nla$a2200000$$$4500
001 0145035
005 20240502072614.2
041 0 |a slo 
044 |a SK 
245 1 0 |a [Geografický informačný systém ako zdroj strategickej inovácie podniku z hľadiska posilnenia jeho konkurencieschopnosti]  |c Daša Belkovicsová 
520 |a Recenzia príspevkov, kde autori z rôznych aspektov analyzujú a hodnotia javy ovplyvňujúce spádové oblasti maloobchodných jednotiek. Priestorové správanie spotrebiteľa umožňuje pochopiť obchodnú atraktívnosť maloobchodných jednotiek a programovať ich budúce implementácie. 
610 2 0 |a recenzie 
610 2 0 |a marketing územia 
610 2 0 |a systémy informačné geografické 
610 2 0 |a prieskum trhu 
610 2 0 |a spotrebitelia 
610 2 0 |a konkurencieschopnosť 
100 1 |a Belkovicsová, Daša, 1982-